[Event "75th ch-BUL Semi-Final"]
[Site "Plovdiv BUL"]
[Date "2011.02.13"]
[Round "9"]
[White "Ivanov,Lj"]
[Black "Slavov,H"]
[Result "1/2-1/2"]
[WhiteElo "1964"]
[BlackElo "1717"]

1.d4 d5 2.c4 dxc4 3.e3 Nf6 4.Bxc4 e6 5.Nf3 c5 6.O-O a6 7.Qe2 b5 8.Bb3 Bb7
9.Rd1 Qc7 10.a4 c4 11.Bc2 Nbd7 12.axb5 axb5 13.Rxa8+ Bxa8 14.b3 Bd6 15.Na3 Bxa3
16.Bxa3 Nd5 17.bxc4 Nc3 18.Qd2 Nxd1 19.Qb4 Nb6 20.Ne5 f6 21.Qxb5+ Nd7 22.Nxd7 Qxd7
23.Qb8+ Qd8 24.Qa7 Nc3 25.Qxg7 Bc6 26.Qxh8+ Kd7 27.Qxh7+ Kc8 28.Be7 Qa5 29.Qg8+ Kb7
30.f3 Ne2+ 31.Kf1 Qd2 32.Qh7 Qxe3 33.Bc5+ Kc8 34.Qg8+ Kc7 35.Qf7+ Bd7 36.d5 Ng3+
37.hxg3 Qc1+ 38.Kf2 Qxc2+ 39.Ke3 Qxc4 40.dxe6 Qxc5+ 41.Ke2 Qe5+ 42.Kd3 Qxe6
43.Qxe6 Bxe6 44.Ke4 Kd6 45.g4 Ke7 46.g3 Kf7 47.Kf4 Kg6 48.Ke4 Kg5 49.Ke3 Kg6
50.Kd4 Kf7 51.Ke4 Ke7 52.Kd4 Kd6 53.Ke4 Kc5 54.Kd3 Kd5 55.Ke3 Kd6 56.Kd3 Ke7
57.Kd4 Kf7 58.Kc5 Kg6 59.Kd6 Bxg4 60.fxg4 Kg5 61.Ke6 Kxg4 62.Kxf6 Kxg3  1/2-1/2

[Event "TCh-HUN 2010-11"]
[Site "Mako HUN"]
[Date "2011.02.20"]
[Round "6"]
[White "Zakarias,D"]
[Black "Remete,E"]
[Result "1-0"]
[WhiteElo "2231"]
[BlackElo "2055"]

1.d4 d5 2.c4 dxc4 3.Nf3 Nf6 4.e3 e6 5.Bxc4 c5 6.O-O Be7 7.Qe2 O-O 8.Rd1 Qc7
9.Nc3 a6 10.Bd3 Nc6 11.a3 b5 12.dxc5 Bxc5 13.Ne4 Be7 14.Bd2 Bb7 15.Rac1 Qb6
16.Nxf6+ Bxf6 17.Bc3 Ne7 18.Bxf6 gxf6 19.Nd2 Kh8 20.Be4 f5 21.Bxb7 Qxb7 22.Nf3 Rg8
23.b4 Rg7 24.g3 Nd5 25.Nd4 Rag8 26.Qf3 Rg4 27.Nxf5 exf5 28.Rxd5 f4 29.exf4 R4g6
30.Qc3+ f6 31.Rd6 Rf8 32.Qc6 Qg7 33.Qxa6 h5 34.Rc5 Qh6 35.Qxb5 Qxf4 36.Rxh5+ Kg8
37.Qd5+  1-0

[Event "61st ch-RUS w 1st League"]
[Site "Ivanovo RUS"]
[Date "2011.02.21"]
[Round "1"]
[White "Protopopova,Anastasiya"]
[Black "Schepetkova,M"]
[Result "0-1"]
[WhiteElo "1816"]
[BlackElo "2148"]

1.d4 d5 2.Nf3 Nf6 3.c4 dxc4 4.e3 e6 5.Bxc4 c5 6.O-O a6 7.Qe2 b5 8.Bb3 Bb7
9.Rd1 Nbd7 10.Nc3 Qb6 11.Bc2 Rd8 12.a4 b4 13.a5 Qc7 14.Na4 cxd4 15.Nxd4 Qxa5
16.e4 Be7 17.f4 Qc7 18.b3 Nc5 19.e5 Nxa4 20.bxa4 Nd5 21.Qf2 Nc3 22.Re1 Rxd4  0-1

[Event "e2e4.org.uk Brighton Masters B"]
[Site "Brighton ENG"]
[Date "2011.02.25"]
[Round "5"]
[White "Tozer,R"]
[Black "Player,E"]
[Result "1-0"]
[WhiteElo "2298"]
[BlackElo "2179"]

1.d4 d5 2.c4 dxc4 3.Nf3 Nf6 4.e3 e6 5.Bxc4 c5 6.Qe2 Nc6 7.O-O Qc7 8.dxc5 Bxc5
9.a3 O-O 10.b4 Bd6 11.Bb2 Ng4 12.h3 Nge5 13.Nbd2 Bd7 14.Rac1 a6 15.Ne4 Nxf3+
16.Qxf3 Be5 17.Bxe5 Nxe5 18.Qg3 Rfc8 19.Bxe6 Qxc1 20.Rxc1 Rxc1+ 21.Kh2 Bxe6
22.Qxe5 Rc6 23.f4 f6 24.Qd4 b6 25.g4 Rac8 26.Kg3 Kf8 27.Kf3 Ke7 28.g5 Bxh3
29.Qd3 Be6 30.gxf6+ gxf6 31.Ng3 Rh8 32.Nh5 Bf7 33.Qe4+ Re6 34.Qb7+ Kf8 35.Qb8+ Be8
36.f5 Rc6 37.Nf4 Kg7 38.Qb7+ Kh6 39.Ne6 Rg8 40.Qe7 Bh5+ 41.Ke4  1-0

[Event "61st ch-RUS w 1st League"]
[Site "Ivanovo RUS"]
[Date "2011.02.27"]
[Round "7"]
[White "Sukhareva,E"]
[Black "Yarullina,A"]
[Result "0-1"]
[WhiteElo "2180"]
[BlackElo "2047"]

1.d4 d5 2.Nf3 Nf6 3.c4 dxc4 4.e3 e6 5.Bxc4 c5 6.O-O a6 7.a3 b5 8.Ba2 Bb7
9.Qe2 Nbd7 10.Nbd2 Be7 11.Rd1 Qc7 12.e4 cxd4 13.Nxd4 Bc5 14.N2f3 Ng4 15.Rf1 Rd8
16.g3 h5 17.b4 Ba7 18.Bb2 h4 19.Kg2 hxg3 20.hxg3 Nde5 21.Rac1 Qb8 22.Bb1 f5
23.Nxe5 Nxe5 24.Rh1 Ke7 25.Rxh8 Rxh8 26.f3 f4 27.g4 Rh4 28.Rh1 Qh8 29.Qe1 Nxf3
30.Qc1 Rh2+ 31.Kxf3 Rf2+  0-1

[Event "Lviv Talents FIDE open"]
[Site "Lviv UKR"]
[Date "2011.02.27"]
[Round "5.7"]
[White "Polulikh,Bogdan"]
[Black "Soroka,Danilo"]
[Result "0-1"]
[WhiteElo "1832"]
[BlackElo "1971"]

1.d4 d5 2.c4 dxc4 3.e3 e6 4.Bxc4 Nf6 5.Nf3 c5 6.O-O a6 7.Bb3 Nc6 8.Nc3 cxd4
9.Nxd4 Nxd4 10.Qxd4 Qxd4 11.exd4 Bd6 12.Bg5 O-O 13.Bxf6 gxf6 14.Ne4 Be7 15.f3 Rd8
16.Rfd1 f5 17.Ng3 Kg7 18.Kf2 Bd6 19.f4 Kg6 20.Ne2 b6 21.h3 h5 22.g3 Bb7 23.Rac1 Kf6
24.h4 Rd7 25.a3 Rad8 26.Rd2 Bb8 27.Rcd1 Ba7 28.Ke3 Ke7 29.a4 f6 30.Bc2 Rd6
31.Nc3 Kf7 32.Bb1 Kg6 33.Bc2 Bc6 34.Ne2 b5 35.b3 bxa4 36.bxa4 a5 37.Kf2 Rb8
38.Rg1 Rb4 39.g4 hxg4 40.Rxg4+ Kf7 41.Rg3 Bxa4 42.Bxa4 Rxa4 43.h5 Bxd4+ 44.Rxd4 Raxd4
45.Nxd4 Rxd4 46.h6 Rxf4+ 47.Ke2 Rh4 48.Rg7+ Kf8 49.Rg6 Ke7 50.Rg7+ Kd6 51.h7 f4
52.Kf3 Ke5 53.Ra7 Kf5 54.Rxa5+ e5 55.Ra7 Kg6  0-1

[Event "TCh-SWE Elitserien 2010-11"]
[Site "Sweden SWE"]
[Date "2011.03.11"]
[Round "9"]
[White "Jonsson,M"]
[Black "Vas,P SWE"]
[Result "1-0"]
[WhiteElo "2332"]
[BlackElo "2293"]

1.d4 d5 2.c4 dxc4 3.Nf3 Nf6 4.e3 e6 5.Bxc4 c5 6.O-O a6 7.dxc5 Bxc5 8.Qxd8+ Kxd8
9.Nbd2 b5 10.Be2 Bb7 11.a4 b4 12.Ne5 Ke7 13.Nb3 Nbd7 14.Bd2 a5 15.Rfc1 Nxe5
16.Rxc5 Bd5 17.Rxa5 Rab8 18.Ra7+ Kf8 19.Bb5 Nc6 20.Rc7 Ne8 21.Rxc6 Bxc6 22.Bxc6 Nc7
23.e4 Ke7 24.Bf4 f6 25.a5 e5 26.Be3 Na6 27.Nc5 Rbc8 28.Nxa6 Rxc6 29.Nxb4 Rc4
30.b3 Rxe4 31.f3 Rh4 32.g3 Rh5 33.g4 Rh4 34.Kg2 e4 35.Bf2 exf3+ 36.Kxf3 Rxh2
37.a6 h5 38.gxh5 R2xh5 39.a7 Ra8 40.Ra6 Rb5 41.Nc6+ Kd7 42.Na5 Rf5+ 43.Ke2 Re8+
44.Be3 Rfe5 45.Nc4 Rb5 46.Rb6 Rh5 47.Rb8 Rh2+ 48.Kd3 Ra2 49.Nb6+ Ke7 50.Rxe8+ Kxe8
51.a8=Q+ Rxa8 52.Nxa8  1-0

[Event "TCh-SWE Elitserien 2010-11"]
[Site "Sweden SWE"]
[Date "2011.03.11"]
[Round "9"]
[White "Livner,A"]
[Black "Svensson,B"]
[Result "1-0"]
[WhiteElo "2324"]
[BlackElo "2394"]

1.d4 d5 2.c4 dxc4 3.Nf3 Nf6 4.e3 e6 5.Bxc4 c5 6.O-O a6 7.Qe2 b5 8.Bd3 cxd4
9.exd4 Bb7 10.a4 bxa4 11.Bc2 Be7 12.Bxa4+ Nbd7 13.Ne5 Rc8 14.d5 Bxd5 15.Nc3 Kf8
16.Nxd5 exd5 17.Nc6 Qe8 18.Nxe7 Qxe7 19.Qxa6 Qd8 20.Be3 Kg8 21.Rfc1 Ra8 22.Qxa8 Qxa8
23.Bxd7  1-0

[Event "TCh-SWE Elitserien 2010-11"]
[Site "Sweden SWE"]
[Date "2011.03.12"]
[Round "10"]
[White "Cramling,P"]
[Black "Holst,C"]
[Result "1/2-1/2"]
[WhiteElo "2509"]
[BlackElo "2165"]

1.d4 d5 2.Nf3 Nf6 3.c4 dxc4 4.e3 e6 5.Bxc4 c5 6.Qe2 a6 7.dxc5 Bxc5 8.O-O O-O
9.e4 Nc6 10.e5 Ng4 11.h3 Nxf2 12.Rxf2 Nd4 13.Nxd4 Qxd4 14.Nd2 b5 15.Bd3 Bb7
16.Nb3 Qxf2+ 17.Qxf2 Bxf2+ 18.Kxf2 Rfd8 19.Be2 Rac8 20.Bd2 Rc2 21.Bc3 b4
22.Bxb4 Rxb2 23.Ba3 Rc2 24.Bd6 Bd5 25.Nd4 Rxa2 26.Rxa2 Bxa2 27.Nc6 Ra8 28.Nb4 Bd5
29.Nxd5 exd5 30.Bf3 a5 31.Bxd5 Rc8 32.Ke2 Rc1 33.Kd2 Rb1 34.Kc2 Re1 35.Kd2 Rb1
36.Kc2 Re1 37.Kd2 Rb1  1/2-1/2

[Event "Vorobets Memorial"]
[Site "Lviv UKR"]
[Date "2011.04.08"]
[Round "2"]
[White "Zheliandinov,V"]
[Black "Ozturk,Ku"]
[Result "1-0"]
[WhiteElo "2378"]
[BlackElo "2262"]

1.d4 d5 2.c4 dxc4 3.Nf3 Nf6 4.e3 c5 5.Bxc4 e6 6.O-O a6 7.a4 Nc6 8.Nc3 Be7
9.Qe2 cxd4 10.Rd1 O-O 11.exd4 Nb4 12.Ne5 Nfd5 13.Ne4 f6 14.Nd3 b6 15.Nxb4 Bxb4
16.Rd3 Rf7 17.Nc3 Bxc3 18.bxc3 Qc7 19.Rh3 Bd7 20.Bd2 Re8 21.Rf3 a5 22.Bb3 Qd6
23.c4 Nb4 24.Bc3 Nc6 25.Rd1 Ne7 26.Qa2 Ng6 27.g3 Qc7 28.Re3 Kh8 29.Rde1 f5
30.f4 Rfe7 31.Bb2 Rd8 32.Qa1 Qc8 33.d5 exd5 34.Rxe7 Nxe7 35.Bxg7+ Kg8 36.cxd5 Qc5+
37.Bd4 Qd6 38.Rxe7  1-0

[Event "TCh-HUN 2010-11"]
[Site "Budapest HUN"]
[Date "2011.04.10"]
[Round "8"]
[White "Szabo,Ben"]
[Black "Almasi,I"]
[Result "1-0"]
[WhiteElo "2375"]
[BlackElo "2397"]

1.d4 d5 2.c4 dxc4 3.Nf3 e6 4.e3 Nf6 5.Bxc4 c5 6.O-O a6 7.Bb3 Be7 8.Qe2 cxd4
9.Rd1 Nc6 10.Nc3 O-O 11.Nxd4 Nxd4 12.exd4 Nd5 13.Qf3 Nxc3 14.bxc3 Qc7 15.c4 a5
16.c5 Bd7 17.Bf4 Qc6 18.Qe2 Bf6 19.Rac1 Rad8 20.Bc2 Qc8 21.Bd6 Rfe8 22.Qe4 g6
23.Qf4 Bg7 24.Rd3 e5 25.dxe5 Bf5 26.Rf3 Bxc2 27.Qxf7+ Kh8 28.Rxc2 Rxe5 29.g3 Rd7
30.Qc4 Re1+ 31.Kg2 Qc6 32.h4 h6 33.Qb3 g5 34.hxg5 hxg5 35.Rc4 Rf7 36.Rh4+ gxh4
37.Qxf7 hxg3 38.Kxg3 Qe4 39.Qh5+ Kg8 40.Qf7+ Kh8 41.Qh5+ Kg8 42.Kh2 Qe6 43.Qg5 a4
44.Rg3 Qf7 45.Rg2 Kh7 46.f4 Bh6 47.Qh4 Re6 48.Be5 Rg6 49.Rd2 Qf5 50.Qh3 Rg4
51.a3 Qg6 52.Rd7+ Kg8 53.Rd2 Kf7 54.Rf2 Ke8 55.f5 Qg5 56.Bg3 Kf7 57.f6 Rd4
58.Re2 Qxf6 59.Rf2 Bf4 60.Qh5+ Ke7 61.Re2+  1-0

[Event "Vorobets Memorial"]
[Site "Lviv UKR"]
[Date "2011.04.14"]
[Round "10"]
[White "Soloviova,L"]
[Black "Ozturk,Ku"]
[Result "1-0"]
[WhiteElo "2318"]
[BlackElo "2262"]

1.d4 d5 2.c4 dxc4 3.Nf3 Nf6 4.e3 e6 5.Bxc4 c5 6.O-O a6 7.Bb3 b5 8.a4 b4 9.e4 cxd4
10.e5 Nd5 11.Nbd2 Be7 12.Ne4 Nc6 13.Re1 O-O 14.Qd3 g6 15.Bh6 Re8 16.Rac1 Na5
17.Bxd5 exd5 18.Ng3 Bd7 19.Nxd4 Bg5 20.Bxg5 Qxg5 21.Nf3 Qd8 22.Qd2 Nb3 23.Qh6 f6
24.Nh5 gxh5 25.exf6 Rxe1+ 26.Rxe1 Qf8 27.Qg5+ Kh8 28.Qxd5 Bxa4 29.Ng5 Ra7
30.f7 Ra8 31.Qe4  1-0

[Event "11th BCC Thailand Open"]
[Site "Pattaya THA"]
[Date "2011.04.15"]
[Round "7.3"]
[White "Kunte,A"]
[Black "Sriram,J"]
[Result "1/2-1/2"]
[WhiteElo "2526"]
[BlackElo "2442"]

1.d4 d5 2.c4 dxc4 3.Nf3 Nf6 4.e3 e6 5.Bxc4 c5 6.O-O a6 7.dxc5 Bxc5 8.Qxd8+ Kxd8
9.b3 b6 10.Bb2 Bb7 11.Be2 Ke7 12.Nbd2 Nbd7 13.Ne1 Rhd8 14.Nd3  1/2-1/2

[Event "ch-BOT"]
[Site "Gaborone BOT"]
[Date "2011.04.21"]
[Round "1"]
[White "Molale,O"]
[Black "Olebile,Thato"]
[Result "1/2-1/2"]
[WhiteElo "2196"]
[BlackElo "1974"]

1.d4 d5 2.c4 dxc4 3.Nf3 e6 4.e3 c5 5.Bxc4 Nf6 6.O-O a6 7.Nc3 Be7 8.Qe2 O-O
9.Rd1 Qc7 10.a4 Nc6 11.dxc5 Bxc5 12.h3 Bd7 13.e4 Ne5 14.Nxe5 Qxe5 15.Be3 Bxe3
16.Qxe3 Bc6 17.f4 Qa5 18.e5 Nd7 19.Rd6 Qb4 20.b3 Nc5 21.Ne2 Rad8 22.Rdd1 b5
23.axb5 Rxd1+ 24.Rxd1 axb5 25.Nd4 bxc4 26.Nxc6 Qxb3 27.Qd4 Nd3 28.Ra1 Qb2
29.Qxb2 Nxb2 30.Rc1 Ra8 31.Rc2 Ra2 32.Kh2 c3 33.Rxc3 Ra8 34.Rb3 Nc4 35.Kg3 Kf8
36.Kg4 g6 37.Rb8+ Rxb8 38.Nxb8 Kg7 39.Nd7 h6 40.Kf3 Nd2+ 41.Ke3 Nf1+ 42.Kf2 Nd2  1/2-1/2

[Event "Branko Vukmanovic Mem Open"]
[Site "Tivat MNE"]
[Date "2011.04.21"]
[Round "6.8"]
[White "Miron,L"]
[Black "Mazi,L"]
[Result "1-0"]
[WhiteElo "2501"]
[BlackElo "2368"]

1.d4 d5 2.c4 dxc4 3.Nf3 Nf6 4.e3 e6 5.Bxc4 c5 6.O-O a6 7.Bb3 cxd4 8.exd4 Be7
9.Nc3 O-O 10.Bg5 Nc6 11.Qd2 Nb4 12.Rfe1 Bd7 13.Ne5 Bc6 14.a3 Nbd5 15.Qd3 Rc8
16.Bc2 g6 17.Qh3 Nxc3 18.bxc3 Bd5 19.Re3 Nh5 20.Bh6 Ng7 21.Rae1 b5 22.Bb1 Rc7
23.Bf4 Bg5 24.Qg4 h6 25.h4 f5 26.Bxg5 hxg5 27.Qxg5 Qxg5 28.hxg5 Rfc8 29.Nxg6 Nh5
30.Bxf5 exf5 31.Ne7+ Rxe7 32.Rxe7 Rxc3 33.Rd7 Bf7 34.Ree7  1-0

[Event "Chance Cup Open 2011"]
[Site "Frydek Mistek CZE"]
[Date "2011.04.22"]
[Round "4"]
[White "Kimerling,M"]
[Black "Leks,M"]
[Result "1/2-1/2"]
[WhiteElo "1925"]
[BlackElo "2056"]

1.d4 d5 2.c4 dxc4 3.e3 Nf6 4.Bxc4 e6 5.Nf3 c5 6.O-O a6 7.dxc5 Bxc5 8.Qxd8+ Kxd8
9.Nc3 b5 10.Be2 Bb7 11.a3 Ke7 12.b4 Bd6 13.Bb2 Nbd7 14.Nd4 Rhc8 15.Rfc1 Ne5
16.Nb3 Rab8 17.Na5 Ba8 18.h3 g5 19.Na2 Bd5 20.Rxc8 Rxc8 21.Rc1 Rxc1+ 22.Nxc1 Ne4
23.Nab3 Nc4 24.Bxc4 bxc4 25.Nd4 f5 26.Nce2 Kd7 27.f3 Ng3 28.Kf2 Nxe2 29.Nxe2 e5
30.Nc3 Be6 31.g4 h6 32.e4 f4  1/2-1/2

[Event "ch-DEN"]
[Site "Odense DEN"]
[Date "2011.04.23"]
[Round "8"]
[White "Bekker Jensen,S"]
[Black "Rasmussen,A"]
[Result "0-1"]
[WhiteElo "2397"]
[BlackElo "2538"]

1.d4 d5 2.c4 dxc4 3.Nf3 Nf6 4.e3 e6 5.Bxc4 c5 6.O-O a6 7.Bb3 cxd4 8.exd4 Nc6
9.Nc3 Be7 10.Bg5 O-O 11.Qd2 Na5 12.Bc2 b5 13.Qf4 g6 14.Qh4 Re8 15.Rad1 Bb7
16.d5 Bxd5 17.Rfe1 Ra7 18.Be4 Nc6 19.Bxd5 Nxd5 20.Bxe7 Raxe7 21.Ng5 f6 22.Nge4 Rf8
23.Nc5 Qc8 24.Nxd5 exd5 25.Rxe7 Nxe7 26.Qd4 Qc6 27.g4 Qd6 28.f4 Rf7 29.h3 g5
30.Kf2 f5 31.Nd3 fxg4 32.hxg4 Ng6 33.Kg3 gxf4+ 34.Kf3 Re7 35.Nb4 Ne5+ 36.Kg2 Nxg4
37.Nxd5 Rf7 38.Kf3 Ne5+ 39.Kf2 Ng4+ 40.Kf3 Ne5+ 41.Kf2 h5 42.Rg1+ Ng4+ 43.Kf3 Rf5
44.Rd1 Nh2+ 45.Kf2 Kf7 46.Qa7+ Kf8 47.Rc1 Ng4+ 48.Kg1 Rf7 49.Rc8+ Kg7 50.Qa8 Qe5  0-1

[Event "V New Open Lugano"]
[Site "Lugano SUI"]
[Date "2011.04.24"]
[Round "5.18"]
[White "Wipf,Armin"]
[Black "Colombani,C"]
[Result "1-0"]
[WhiteElo "1501"]
[BlackElo "1462"]

1.d4 d5 2.c4 dxc4 3.Nf3 e6 4.e3 c5 5.Bxc4 Nf6 6.Nc3 Bd6 7.O-O b6 8.Re1 O-O
9.Qc2 Bb7 10.Be2 Bxf3 11.Bxf3 Qc7 12.g3 Nc6 13.Nb5 Qd7 14.Nxd6 Qxd6 15.Qa4 Rac8
16.dxc5 bxc5 17.Rd1 Nd5 18.Qb3 Nce7 19.e4 c4 20.Qc2 c3 21.exd5 cxb2 22.Qxb2 exd5
23.Bf4 Qc5 24.Rac1 Qa5 25.Rxc8 Rxc8 26.Bd6 Rc3 27.Bxe7 h6 28.Kg2 d4 29.Bb4  1-0

[Event "Sydney International Open"]
[Site "Sydney AUS"]
[Date "2011.04.28"]
[Round "3.1"]
[White "Arutinian,D"]
[Black "Ly,Mo"]
[Result "1/2-1/2"]
[WhiteElo "2575"]
[BlackElo "2381"]

1.d4 d5 2.c4 dxc4 3.e3 Nf6 4.Bxc4 e6 5.Nf3 c5 6.Qe2 a6 7.dxc5 Bxc5 8.O-O Nc6
9.a3 b5 10.Bd3 Bb7 11.Nbd2 O-O 12.b4 Bd6 13.Bb2 Ng4 14.Ne4 Nce5 15.Nxe5 Bxe5
16.Bxe5 Nxe5 17.Bc2 Bd5 18.Rfd1 Qe7 19.Nc3 Qf6 20.Nxd5 exd5 21.a4 Rab8 22.h3 g6
23.Bb3 Rfd8 24.Qd2 Nc4 25.Qd4 Qe7 26.axb5 axb5 27.Qc3  1/2-1/2

[Event "Thessaloniki Open A"]
[Site "Thessaloniki GRE"]
[Date "2011.04.29"]
[Round "6.1"]
[White "Antic,De"]
[Black "Ivanov,Jo"]
[Result "1/2-1/2"]
[WhiteElo "2488"]
[BlackElo "2465"]

1.d4 d5 2.c4 dxc4 3.Nf3 Nf6 4.e3 e6 5.Bxc4 c5 6.O-O a6 7.Qe2 b5 8.Bd3 Bb7
9.a4 c4 10.Bc2 Nc6 11.axb5 axb5 12.Rxa8 Qxa8 13.Nc3 Qa5 14.e4 Nb4 15.Bb1 Be7
16.d5 exd5 17.e5 Ne4 18.Nxe4 dxe4 19.Bxe4 Qa8 20.Bxb7 Qxb7 21.Nd4 Qd7 22.Qe4 O-O
23.Nf5 g6 24.Nh6+ Kg7 25.Ng4 Rd8 26.Bh6+ Kg8 27.h3 Nd5 28.Ra1 Qe6 29.Qd4 f5
30.exf6 Nxf6 31.Qc3 Rd3 32.Ra8+ Rd8 33.Rxd8+ Bxd8 34.Qb4 Qe8 35.Qd6 Qe1+
36.Kh2 Nxg4+ 37.hxg4 Qe7 38.Qd5+ Kh8 39.g3 Bc7 40.Kg2 Qe8 41.Be3 Be5 42.Qe4 Qb8
43.Bc1 Bg7 44.Qc6 Kg8 45.Bf4 Qd8 46.Qxb5 Qc8 47.Qd5+ Kh8 48.Bc1 h6 49.Qe4 Kh7
50.g5 hxg5 51.Bxg5 Bxb2 52.Qe7+ Kh8 53.Qd6 Kg7 54.Qe7+ Kh8 55.Qd6 Kg7  1/2-1/2

[Event "ch-Euro Indiv Women"]
[Site "Tbilisi GEO"]
[Date "2011.05.11"]
[Round "5"]
[White "Edes,Z"]
[Black "Khomeriki,N"]
[Result "1-0"]
[WhiteElo "2043"]
[BlackElo "1832"]

1.d4 d5 2.c4 dxc4 3.Nf3 Nf6 4.e3 e6 5.Bxc4 c5 6.O-O a6 7.a4 Nc6 8.Qe2 cxd4
9.Rd1 Be7 10.exd4 Nb4 11.Bb3 O-O 12.Na3 Nfd5 13.Nc4 b6 14.Nce5 Bb7 15.Bd2 Qd6
16.Ne1 Rac8 17.Bc4 a5 18.Ra3 Rc7 19.Rh3 Nf6 20.Bf4 Nbd5 21.Bg3 Qd8 22.N1f3 Bd6
23.Bd3 Nb4 24.Bb1 Ba6 25.Qd2 Qe7 26.Bh4 Rfc8 27.Bxh7+ Kf8 28.Bg6 Qd8 29.Bg5 Ke7
30.Nxf7 Qd7 31.Rh7 Qxa4 32.Rxg7  1-0

[Event "TCh-UKR Clubs 2011"]
[Site "Alushta UKR"]
[Date "2011.05.15"]
[Round "3.5"]
[White "Ivaschenko,Dmitry"]
[Black "Razin,V"]
[Result "1/2-1/2"]
[WhiteElo "2214"]
[BlackElo "2311"]

1.d4 d5 2.Nf3 c5 3.e3 Nf6 4.c4 dxc4 5.Bxc4 e6 6.O-O a6 7.dxc5 Qxd1 8.Rxd1 Bxc5
9.b3 Nc6 10.Bb2 Ke7 11.Nc3 b5 12.Be2 Bb7 13.Rac1 Bd6 14.Ng5 Rhd8 15.Nce4 Ne8
16.Nxd6 Nxd6 17.Bf3 Rac8 18.Bxc6 Rxc6 19.Rxc6 Bxc6 20.Ba3 f6 21.Rc1 Bb7 22.Nh3 e5
23.f3 Ke6 24.e4 Nf7 25.Nf2 Rd7 26.Rc3 Nd8 27.Nd3 Kf7 28.Kf2 Ne6 29.Ke3 g6
30.g3 Rc7 31.Rxc7+ Nxc7 32.Bd6 Ne6 33.f4 exf4+ 34.gxf4 Ke8 35.Bb4 Kd7 36.h4 Bc8
37.Bc3 Ke7 38.Nb4 Bb7 39.Nd3 Bc8 40.Nf2 Nd8 41.Nd1 Bb7 42.Nb2 Ne6 43.Nd3 Bc8
44.Nc1 Bb7 45.Ne2 Kf7 46.Ng3 Nd8 47.h5 Bc8 48.f5 Nc6 49.hxg6+ hxg6 50.fxg6+ Kxg6
51.Ne2 Kf7 52.Nf4 Be6 53.Nd3 a5 54.Nc1 Ke7  1/2-1/2

[Event "ch-UZB Major w"]
[Site "Tashkent UZB"]
[Date "2011.05.22"]
[Round "2"]
[White "Gevorgyan,I"]
[Black "Nodirjanova,N"]
[Result "1/2-1/2"]
[WhiteElo "2110"]
[BlackElo "2166"]

1.d4 d5 2.c4 dxc4 3.Nf3 Nf6 4.e3 e6 5.Bxc4 c5 6.O-O a6 7.a4 Nc6 8.Qe2 Qc7
9.Rd1 Bd6 10.dxc5 Bxc5 11.b3 O-O 12.Bb2 e5 13.Nc3 e4 14.Ng5 Bg4 15.Nd5 Bxe2
16.Nxc7 Bxd1 17.Nxa8 Bc2 18.Rc1 Nb4 19.Nc7 Be7 20.Ba3 Bd3 21.Bxb4 Bxb4 22.Nd5 Ba3
23.Rd1 Bxc4 24.bxc4 Re8 25.Nxf6+ gxf6 26.Nh3 Rc8 27.g4 Rxc4 28.Rd8+ Kg7 29.Nf4 f5
30.gxf5 Kf6 31.Rd7 Rxa4 32.Rxb7 Ra5 33.h4 Rb5 34.Ra7 a5 35.Nh5+ Kxf5 36.Ng3+ Kg6
37.Nxe4 Bb4 38.Kg2 Re5 39.Ng5 f6 40.Nf3 Re4 41.h5+ Kxh5 42.Rxh7+ Kg6 43.Ra7 Bc3
44.Nd4 Bxd4 45.exd4 Rxd4 46.Rxa5  1/2-1/2

[Event "ch-Moscow Final"]
[Site "Moscow RUS"]
[Date "2011.05.26"]
[Round "5"]
[White "Grigoriants,S RUS"]
[Black "Vorobiov,E"]
[Result "1/2-1/2"]
[WhiteElo "2562"]
[BlackElo "2570"]

1.d4 d5 2.c4 dxc4 3.Nf3 Nf6 4.e3 e6 5.Bxc4 c5 6.O-O a6 7.Bb3 Nc6 8.Nc3 Be7
9.dxc5 Qxd1 10.Rxd1 Bxc5 11.Bd2 Bd7 12.Be1 Ba7 13.Rac1 Ke7 14.Na4 Ne4 15.Bc2 Nd6
16.Bb3 Ne4 17.Bc2 Nd6 18.Bb3  1/2-1/2

[Event "TCh-FRA Top 12 2011"]
[Site "Mulhouse FRA"]
[Date "2011.05.28"]
[Round "3.4"]
[White "Wirig,A"]
[Black "Kallai,G"]
[Result "1/2-1/2"]
[WhiteElo "2514"]
[BlackElo "2460"]

1.d4 d5 2.Nf3 Nf6 3.c4 dxc4 4.e3 e6 5.Bxc4 c5 6.O-O a6 7.dxc5 Bxc5 8.Qxd8+ Kxd8
9.Ne5 Ke7 10.Be2 Bd7 11.Bf3 Bc6 12.Nxc6+ Nxc6 13.Bxc6 bxc6 14.Bd2 Ne4 15.Rc1 Rhb8
16.Rc2 a5 17.Kf1 a4 18.Ke2 Bb4 19.f3 Nd6 20.Bxb4 Rxb4 21.Nd2 c5 22.Rac1 c4
23.a3 Rb7 24.Nxc4  1/2-1/2

[Event "e2e4 Sunningdale Open"]
[Site "Ascot ENG"]
[Date "2011.05.29"]
[Round "4"]
[White "Hebden,M"]
[Black "Rausis,I"]
[Result "1/2-1/2"]
[WhiteElo "2539"]
[BlackElo "2496"]

1.d4 d5 2.Nf3 Nf6 3.c4 dxc4 4.e3 e6 5.Bxc4 c5 6.O-O a6 7.Bb3 Nc6 8.Nc3 Be7
9.dxc5 Qxd1 10.Rxd1 Bxc5 11.Bd2 Bd7 12.Ng5 Be7 13.Na4 Rd8 14.Bc3 h6 15.Nf3 O-O
16.Nb6 Be8 17.Bc2 Nd7 18.Nc4 f6 19.a3 Bh5 20.b4 b5 21.Ncd2 Nde5 22.Bb3 Nxf3+
23.Nxf3 Bf7 24.e4 Rxd1+ 25.Rxd1 Rd8 26.Rxd8+ Bxd8 27.e5 fxe5 28.Nxe5 Bf6
29.f4 Nxe5 30.Bxe5 Bxe5 31.fxe5 Kf8 32.Kf2 Ke7 33.Ke3 Kd7 34.h4 Kc6 35.Kd4 Bg8
36.Bc2 Bf7 37.Be4+ Kb6 38.Ke3 a5 39.Kf4 axb4 40.axb4 Kc7 41.g4 Be8 42.g5 Bf7
43.gxh6 gxh6 44.Bh7 Kc6 45.Ke4 Bh5 46.Kd4 Bf7 47.Be4+ Kb6 48.Ke3 Kc7 49.Kf4 Kd7
50.Kg4 Kc7 51.h5 Be8 52.Bg6 Bd7 53.Kf4 Kc6 54.Ke4 Kb6 55.Kd4 Kc6 56.Bf7  1/2-1/2

[Event "TCh-FRA Top 12 2011"]
[Site "Mulhouse FRA"]
[Date "2011.05.29"]
[Round "4.2"]
[White "Williams,Si1"]
[Black "Istratescu,A"]
[Result "1/2-1/2"]
[WhiteElo "2520"]
[BlackElo "2623"]

1.d4 d5 2.c4 dxc4 3.Nf3 Nf6 4.e3 e6 5.Bxc4 c5 6.O-O a6 7.Bb3 Nc6 8.Qe2 cxd4
9.Rd1 d3 10.Rxd3 Qc7 11.e4 Bc5 12.h3 Nd7 13.Be3 b6 14.Nc3 O-O 15.Na4 Bxe3
16.Qxe3 b5 17.Nc5 Nxc5 18.Qxc5 Bb7 19.a4 bxa4 20.Bxa4 Qa5 21.Qxa5 Nxa5 22.Rd4 Rfd8
23.Rad1 Rxd4 24.Rxd4 Bc6 25.Ne5 Bxa4 26.Rxa4 Nb7 27.Rb4 Nd6 28.Rd4 Nb5 29.Rd7 f6
30.Nc6 Kf8 31.Nb4 a5 32.Nd3 Ra7 33.Rxa7  1/2-1/2

[Event "3rd Orissa Open"]
[Site "Bhubaneswar IND"]
[Date "2011.06.04"]
[Round "9"]
[White "Thejkumar,M"]
[Black "Murali Krishnan,B"]
[Result "1/2-1/2"]
[WhiteElo "2451"]
[BlackElo "2363"]

1.d4 d5 2.c4 dxc4 3.Nf3 Nf6 4.e3 e6 5.Bxc4 c5 6.O-O a6 7.a4 Nc6 8.Qe2 Be7
9.Rd1 O-O 10.Nc3 Qc7 11.d5 exd5 12.Nxd5 Nxd5 13.Bxd5 Bg4 14.h3 Bh5 15.Bd2 Rad8
16.Bc3 Nd4 17.exd4 Rxd5 18.dxc5 Rxd1+ 19.Rxd1 Bxc5 20.Rd5 Bg6 21.h4 Qc6 22.Qd2 f6
23.b4 Ba7 24.h5 Be4 25.Rd6 Qe8 26.h6 Bxf3 27.hxg7 Kxg7 28.Qg5+ Qg6 29.Rd7+ Kg8
30.Qxg6+ hxg6 31.gxf3 Rf7 32.Rd8+ Kg7 33.a5 Rc7 34.Ra8 Bxf2+ 35.Kxf2 Rxc3
36.Ra7 Rc7 37.b5 Kh6 38.Ke3 Rc5 39.Rxb7 axb5 40.a6 Rc3+ 41.Ke4 f5+ 42.Kf4 g5+
43.Kxf5 Rxf3+ 44.Ke5 Ra3 45.a7 b4 46.Kf6 b3 47.Rxb3 Ra6+ 48.Kf5 Ra5+ 49.Kf6  1/2-1/2

[Event "TCh-BUL GpA Men"]
[Site "Albena BUL"]
[Date "2011.06.05"]
[Round "4.3"]
[White "Ivanov,Jo"]
[Black "Mishev,L"]
[Result "1-0"]
[WhiteElo "2436"]
[BlackElo "2210"]

1.d4 d5 2.c4 dxc4 3.Nf3 Nf6 4.e3 e6 5.Bxc4 c5 6.O-O cxd4 7.exd4 Be7 8.Nc3 O-O
9.Re1 Nc6 10.a3 b6 11.d5 Na5 12.Ba2 exd5 13.Nxd5 Nxd5 14.Qxd5 Bb7 15.Qxd8 Bxd8
16.Ne5 Bh4 17.g3 Bf6 18.Nd7 Rfe8 19.Nxf6+ gxf6 20.Bh6 Bf3 21.h3 Nc6 22.g4 Nd4
23.Kh2 Be4 24.Red1 Rad8 25.Rac1 Ne6 26.Kg3 Bd3 27.Rc3 Bb5 28.Rxd8 Rxd8 29.f3 a5
30.Be3 Rd6 31.Rc8+ Kg7 32.Rb8 Rd3 33.Kf2 Ng5 34.Bxg5 fxg5 35.Rxb6 Rd2+ 36.Ke3 Re2+
37.Kd4 Be8 38.Bd5 Rd2+ 39.Kc5 Rc2+ 40.Kd6 Rd2 41.b4 axb4 42.axb4 Ba4 43.Rb7 Kg6
44.Kc5 Rc2+ 45.Kb6 Rb2 46.Bxf7+ Kf6 47.Ka5 Bd1 48.Bd5 h6 49.b5 Ke5 50.Bc6 Rh2
51.Rd7 Ra2+ 52.Kb4 Ra1 53.Kc5 Rc1+ 54.Kb6 Bc2 55.Rc7 Bd3 56.Re7+ Kf6 57.Rd7 Rc3
58.Rd6+ Kg7 59.Rd7+ Kf6 60.Rd5 Ke6 61.Rc5 Ra3 62.Kc7 Ra5 63.Rd5 Bc4 64.Rd6+ Ke5
65.b6 Ba6 66.Rxh6 Kf4 67.Rf6+ Kg3 68.Rf5 Ra3 69.Rxg5 Kxh3 70.b7 Bxb7 71.Bxb7 Kh4
72.Rg8  1-0

[Event "49th National Challengers ch-IND"]
[Site "Aurangabad IND"]
[Date "2011.06.16"]
[Round "2"]
[White "Ravi,TeS"]
[Black "Murali Krishnan,B"]
[Result "0-1"]
[WhiteElo "2166"]
[BlackElo "2363"]

1.d4 d5 2.c4 dxc4 3.Nf3 Nf6 4.e3 e6 5.Bxc4 c5 6.O-O Nc6 7.dxc5 Bxc5 8.Qxd8+ Kxd8
9.a3 Ke7 10.Nc3 Bd7 11.b4 Bd6 12.Nb5 Bb8 13.Bb2 Rc8 14.Rfc1 a6 15.Nbd4 Bd6
16.Nb3 Rc7 17.Bd3 g6 18.Nc5 Be8 19.Ng5 Ne5 20.Be2 Rd8 21.Rd1 Ned7 22.Rac1 Bxc5
23.bxc5 h6 24.Nf3 Rdc8 25.Bc3 Nd5 26.Bd4 Nxc5 27.Be5 Rd7 28.Bd4 Rdc7 29.Be5 Rc6
30.Nd4 Rb6 31.e4 Nf6 32.Bf3 Ba4 33.Re1 Nfd7 34.Bg3 e5 35.Ne2 Rbc6 36.Rc3 Bb5
37.Re3 Ne6 38.Bg4 Bxe2 39.R3xe2 Rc3 40.Rd2 Rc1 41.Kf1 f6 42.f4 Rxe1+ 43.Kxe1 Rc1+
44.Ke2 Nd4+ 45.Kf2 Nc5 46.Bf3 Rc2 47.Ke1 Rc3 48.fxe5 fxe5 49.Bd1 Re3+ 50.Kf2 Rxa3
51.Bf3 Nd3+ 52.Kg1 Nxf3+ 53.gxf3 b5 54.Rc2 Kd7 55.Kf1 b4 56.Rd2 Ke6 57.Ke2 Nf4+
58.Kd1 Rxf3 59.Ra2 Rd3+ 60.Kc2  0-1

[Event "Teplice Open"]
[Site "Teplice CZE"]
[Date "2011.06.18"]
[Round "8"]
[White "Bartos,J"]
[Black "Cenek,M2"]
[Result "1-0"]
[WhiteElo "2242"]
[BlackElo "1903"]

1.d4 d5 2.c4 e6 3.Nf3 dxc4 4.e3 Nf6 5.Bxc4 c5 6.O-O a6 7.dxc5 Qxd1 8.Rxd1 Bxc5
9.Be2 Nc6 10.Nbd2 O-O 11.Nb3 Be7 12.Nfd4 Nxd4 13.Nxd4 Rd8 14.Bd2 e5 15.Nf3 Bg4
16.h3 Bh5 17.g4 Bg6 18.Ba5 Rxd1+ 19.Rxd1 e4 20.Ne5 Rc8 21.h4 h5 22.g5 Ne8
23.Rd7 Bd6 24.Nxg6 fxg6 25.Rxb7 Rc6 26.Bc3 Bc7 27.Ra7 Nd6 28.Rxa6 Rxa6 29.Bxa6 Nf5
30.Bb7 Nxh4 31.Bxe4 Bd8 32.f4 Nf5 33.Bxf5 gxf5 34.a4 Bb6 35.Bd4 Ba5 36.Bc5  1-0